MARC

LEADER 00000nam0a2200000 4500
001 90960
005 20231101213737.0
035 |a (RuTPU)RU\TPU\book\97531 
090 |a 90960 
100 |a 20060217d1975 m y0rusy50 ca 
101 0 |a rus 
102 |a RU 
105 |a a j 000zy 
200 1 |a Практикум по дозиметрии  |f Г. Г. Михайлов, А. В. Очкин, А. И. Попов  |g Московский химико-технологический институт им. Д. И. Менделеева 
210 |a Москва  |d 1973 
215 |a 96 с.  |c ил. 
320 |a Библиогр.: с. 3-4 
610 1 |a дозиметрия 
610 1 |a ионизирующие излучения 
610 1 |a приборы 
610 1 |a облучение 
610 1 |a практикумы 
675 |a 539.16.082(076.5)  |v 3 
700 1 |a Михайлов  |b Г. Г. 
701 1 |a Очкин  |b А. В. 
701 1 |a Попов  |b А. И. 
712 0 2 |a Московский химико-технологический институт им. Д. И. Менделеева  |2 stltpush  |3 (RuTPU)RU\TPU\col\1701  |9 23590 
801 1 |a RU  |b 63413507  |c 20060217  |g PSBO 
801 2 |a RU  |b 63413507  |c 20060228  |g PSBO 
942 |c BK